00799nam a2200205 a 450000100100000000500170001000800410002704000250006808200200009310000320011324500580014526000370020330000270024065000270026765000310029404900090032595201180033495201240045299900170057600001605620240530073918.0100224s1999 dr a 000 f spa d aDO-SdBNPbspacBNPHU aRD863.44bP192h1 aPaniagua, Ángel D.93602513aEl hombre y la gran montaña /cÁngel D. Paniagua. a[Santo Domingo :bs.n.,c1999?]. a46 p. :bil. ;c14 cm. 0aNovela dominicana9223 0aLiteratura dominicana.967 aBNPD 0010718PDaPDbPDcCTd2010-02-24iLF1l0oRD863.44 P192hp16056-10r2020-06-25w2020-06-25yLFPDZNo se presta 0010718PDaPDbPDcCTd2010-02-24iLF1l0oRD863.44 P192hp16056-20r2020-06-25te. 2w2020-06-25yLFPDZNo se presta c15597d15597